85 лет со дня образования теплофикационного хозяйства города Магнитогорска (Запись № 13166963)

Подробности
000 -МАРКЕР
контрольное поле 03669nam0a2200433 4500
001 - ИДЕНТИФИКАТОР ЗАПИСИ
контрольное поле RU\NLR\BIBL_A\012795725
005 - ИДЕНТИФИКАТОР ВЕРСИИ
контрольное поле 20220630153547.0
010 ## - МЕЖДУНАРОДНЫЙ СТАНДАРТНЫЙ НОМЕР КНИГИ (ISBN)
Номер (ISBN) 978-5-907440-78-4
021 ## - НОМЕР ГОСУДАРСТВЕННОЙ РЕГИСТРАЦИИ
Код страны Российская Федерация
Номер КН-П-22-008731
Номер Листа государственной регистраци КН-П-22-0709
035 ## - ДРУГИЕ СИСТЕМНЫЕ НОМЕРА
Идентификатор записи (NLR Aleph) 012795725
035 ## - ДРУГИЕ СИСТЕМНЫЕ НОМЕРА
Идентификатор записи (RuMoRGB)010978052
100 ## - ДАННЫЕ ОБЩЕЙ ОБРАБОТКИ
Данные общей обработки 20220523d2021 u y0rusy50 ca
101 0# - ЯЗЫК РЕСУРСА
Язык текста, звукозаписи и т.д. русский
102 ## - СТРАНА ПУБЛИКАЦИИ ИЛИ ПРОИЗВОДСТВА
Страна публикации Российская Федерация
105 ## - ПОЛЕ КОДИРОВАННЫХ ДАННЫХ: ТЕКСТОВЫЕ МАТЕРИАЛЫ, МОНОГРАФИЧЕСКИЕ
Кодированные данные о монографическом текстовом документе c||z|||010zd
181 #0 - ПОЛЕ КОДИРОВАННЫХ ДАННЫХ: ВИД СОДЕРЖАНИЯ
Код вида содержания (ISBD) i2
Код характеристики содержания (ISBD) axxe
181 #0 - ПОЛЕ КОДИРОВАННЫХ ДАННЫХ: ВИД СОДЕРЖАНИЯ
Код вида содержания (ISBD) b2
Код характеристики содержания (ISBD) xb2e
182 #0 - ПОЛЕ КОДИРОВАННЫХ ДАННЫХ: ТИП СРЕДСТВА
Код типа средства (ISBD) n - непосредственное
200 1# - ЗАГЛАВИЕ И СВЕДЕНИЯ ОБ ОТВЕТСТВЕННОСТИ
Основное заглавие 85 лет со дня образования теплофикационного хозяйства города Магнитогорска
Первые сведения об ответственности тексты: Старикова Галина Ильинична, Зарубина Ирина Александровна, Кутляева Елена Викторовна [и др.]
Последующие сведения об ответственности редактор: Грибанов Роман Геннадьевич
-- МП трест "Теплофикация"
203 ## - ВИД СОДЕРЖАНИЯ И ТИП СРЕДСТВА
Вид содержания Текст
-- Изображение
Дополнительные сведения об издании визуальные
Тип средства непосредственные
210 ## - ПУБЛИКАЦИЯ, РАСПРОСТРАНЕНИЕ И ДР.
Место издания, распространения и т.д. Санкт-Петербург
Имя издателя, распространителя и т. д. Первый ИПХ
Дата издания, распространения и т.д. 2021
215 ## - ФИЗИЧЕСКАЯ ХАРАКТЕРИСТИКА
Специфическое обозначение материала и объем 200 с.
Другие сведения о физической характеристике ил., цв. ил., портр.
Размеры 30
300 ## - ОБЩИЕ ПРИМЕЧАНИЯ
Текст примечания Авт. указаны на обороте тит. с.
300 ## - ОБЩИЕ ПРИМЕЧАНИЯ
Текст примечания На тит. с. и обл.: 85 лет МП трест "Теплофикация", 1936-2021
330 ## - РЕЗЮМЕ ИЛИ РЕФЕРАТ
Текст примечания В 2021 году тресту исполняется 85 лет МП тресту <Теплофикация>. <Теплофикация> образована в октябре 1936 года. Точкой исторического отсчета считается начало строительства Центральной котельной в левобережной части города. Сегодня в ведении <Теплофикации> уже 13 котельных, а также 300 с лишним бойлерных, 14 тепловых насосных станций и 1348 км тепловых сетей и сетей горячего водоснабжения. К сетям треста <Теплофикация> сейчас подключено почти две с половиной тысячи многоквартирных домов. С момента образования и по сей день задача муниципального предприятия - бесперебойно обеспечивать теплом жителей Магнитогорска. Для выполнения этой задачи ежегодно на сетях и тепловых объектах проводятся ремонты, модернизируется оборудование
532 10 - РАСШИРЕННОЕ ЗАГЛАВИЕ
Заглавие Восемьдесят пять лет со дня образования теплофикационного хозяйства города Магнитогорска
601 02 - НАИМЕНОВАНИЕ ОРГАНИЗАЦИИ КАК ПРЕДМЕТ
Начальный элемент ввода "Теплофикация", трест
Идентифицирующий признак Магнитогорск, город (Челябинская область)
Код системы nlr_sh2
Идентификатор авторитетной/нормативной записи RU\NLR\AUTH\6601707407
686 1# - ИНДЕКСЫ ДРУГИХ КЛАССИФИКАЦИЙ
Индекс У30(2)57(2Р-4Че-2М)
701 #1 - ИМЯ ЛИЦА - АЛЬТЕРНАТИВНАЯ ОТВЕТСТВЕННОСТЬ
Начальный элемент ввода Старикова
Часть имени, кроме начального элемента ввода Г. И.
Расширение инициалов личного имени Галина Ильинична
701 #1 - ИМЯ ЛИЦА - АЛЬТЕРНАТИВНАЯ ОТВЕТСТВЕННОСТЬ
Начальный элемент ввода Зарубина
Часть имени, кроме начального элемента ввода И. А.
Расширение инициалов личного имени Ирина Александровна
701 #1 - ИМЯ ЛИЦА - АЛЬТЕРНАТИВНАЯ ОТВЕТСТВЕННОСТЬ
Начальный элемент ввода Кутляева
Часть имени, кроме начального элемента ввода Е. В.
Расширение инициалов личного имени Елена Викторовна
702 #1 - ИМЯ ЛИЦА - ВТОРИЧНАЯ ОТВЕТСТВЕННОСТЬ
Начальный элемент ввода Грибанов
Часть имени, кроме начального элемента ввода Р. Г.
Расширение инициалов личного имени Роман Геннадьевич
Код отношения Редактор
711 02 - НАИМЕНОВАНИЕ ОРГАНИЗАЦИИ - АЛЬТЕРНАТИВНАЯ ОТВЕТСТВЕННОСТЬ
Начальный элемент ввода "Теплофикация", трест
Идентифицирующий признак Магнитогорск
Идентификатор авторитетной/нормативной записи RU\NLR\AUTH\880554989
942 ## - ДОПОЛНИТЕЛЬНЫЕ ЭЛЕМЕНТЫ ЗАПИСИ (АБИС)
Тип экземпляра АБИС Книга
980 ## - КОЛЛЕКЦИЯ
Название коллекции Национальная библиография
Экземпляры
Тип экземпляра Дата поступления Источник поступления Библиотека постоянного хранения Библиотека текущего хранения Место хранения Шифр хранения Штрих-код Статус экземпляра
Книга 23.05.2022 Обязательный экземпляр РНБ (Московский) РНБ (Московский) Русский книжный фонд: издания с 1957 года 2022-8/1811 1-3820183  
Книга 23.05.2022 Обязательный экземпляр РНБ (Московский) РНБ (Московский) Русский книжный фонд: издания с 1957 года 2022-8/1811 1-3820184